Strzelcy bramek w 29 kolejce Ekstraklasy w sezonie 20/21. - Statystyki

Ogólne statystyki
  • Ten quiz został rozwiązany 12 razy
  • Średni wynik to 10 z 19
Statystyki odpowiedzi
Mecz Piłkarz % Poprawnych
Wisła Kraków - Lech Poznań 0:1 Ishak
100%
Wisła Kraków - Lech Poznań 1:2 Błaszczykowski
67%
Górnik Zabrze - Jagiellonia Białystok 1:1 Jimenez
67%
Górnik Zabrze - Jagiellonia Białystok 2:1 Jimenez
67%
Warta Poznań - Śląsk Wrocław 1:3 Pich
67%
Warta Poznań - Śląsk Wrocław 1:1 Exposito
58%
Warta Poznań - Śląsk Wrocław 1:2 Exposito
58%
Podbeskidzie - Wisła Płock 1:0 Hora
58%
Podbeskidzie - Wisła Płock 1:1 Szwoch
58%
Raków Częstochowa - Piast Gliwice 1:0 Gutkovskis
50%
Zagłębie Lubin - Pogoń Szczecin 0:1 Kucharczyk
50%
Lechia Gdańsk - Cracovia 1:1 Paixao
50%
Wisła Kraków - Lech Poznań 0:2 Tiba
50%
Warta Poznań - Śląsk Wrocław 1:0 Nawrocki
42%
Lechia Gdańsk - Cracovia 0:1 Rapa
42%
Górnik Zabrze - Jagiellonia Białystok 3:1 Sobczyk
42%
Górnik Zabrze - Jagiellonia Białystok 0:1 Puljic
33%
Warta Poznań - Śląsk Wrocław 2:3 Rodriguez
33%
Zagłębie Lubin - Pogoń Szczecin 1:1 Podliński
25%
Nie znaleziono quizów pasujących do podanych kryteriów
Rozkład punktacji
Procent ludzi z każdym wynikiem
Percentyl według liczby udzielonych odpowiedzi
Twoja historia wyników
Nie rozwiązałeś tego quizu